|
|
|
|
| LEADER |
01164nam a2200301 a 4500 |
| 001 |
36225 |
| 003 |
BD-DhAAL |
| 005 |
20211130114758.0 |
| 008 |
190925t1989 nyua b 001 0 eng d |
| 999 |
|
|
|c 41422
|d 41422
|
| 010 |
|
|
|a 88016503
|
| 020 |
|
|
|a 0060424796
|
| 020 |
|
|
|a 9780060424794
|
| 040 |
|
|
|a DLC
|c DLC
|d DLC
|d BD-DhAAL
|
| 050 |
0 |
0 |
|a Q180.55.M4
|b G7 1989
|
| 082 |
0 |
0 |
|a 507.2
|2 19
|
| 100 |
1 |
|
|a Graziano, Anthony M.,
|d 1932-
|9 35346
|
| 245 |
1 |
0 |
|a Research methods :
|b a process of inquiry /
|c Anthony M. Graziano, Michael L. Raulin.
|
| 260 |
|
|
|a New York :
|b Harper & Row,
|c c1989.
|
| 300 |
|
|
|a xx, 410 pages :
|b illustrations ;
|c 24 cm.
|
| 504 |
|
|
|a Includes bibliographical reference (pages 399-403) and index.
|
| 526 |
|
|
|a BIED
|
| 541 |
|
|
|a Complimentary copy from BIED
|e 36225
|
| 650 |
|
0 |
|a Research
|x Methodology.
|9 35347
|
| 700 |
1 |
|
|a Raulin, Michael L.
|9 35348
|
| 852 |
|
|
|a Ayesha Abed Library
|c BIED Collection
|
| 942 |
|
|
|2 ddc
|c BK
|
| 952 |
|
|
|0 0
|1 0
|2 ddc
|4 0
|6 507_200000000000000_GRA
|7 0
|9 66521
|a BRACUL
|b BRACUL
|c GEN
|d 2019-09-25
|e Complimentary copy from BIED
|l 0
|o 507.2 GRA
|p 3010036225
|r 2019-09-25
|t 1
|w 2019-09-25
|y BK
|x Transferred from BIED to General Stacks
|